| 000 | 01023nam a2200289Ia 4500 | ||
|---|---|---|---|
| 001 | Para_1144 | ||
| 003 | CHAP | ||
| 008 | 220125s1997 xx 000 0 und d | ||
| 010 | _a199870 | ||
| 040 | _cCHAP | ||
| 090 | _aPA TESIS 1110 | ||
| 100 |
_aAlvarez Alfaro, Jose Jesús _9164962 |
||
| 245 |
_aComportamiento de la pudrición suave de la lechuga inducida por Erwinia carotovora var. atroseptica con la aplicación de cepa antagonica CAE-01, en Chapingo, México / _c por Jose Jesús Alvarez Alfaro |
||
| 260 |
_aChapingo, Méx. : _b El autor |
||
| 300 | _a62 h. | ||
| 502 | _aTesis (Ing. Agr. Esp. en Parasitología Agrícola), UACh. Depto. Parasitología | ||
| 650 |
_aErwinia carotovora _937359 |
||
| 650 |
_aLechuga _x enfermedades _965458 |
||
| 710 |
_aUACh. Departamento Parasitología Agrícola _9164025 |
||
| 901 | _aPA TESIS 1110 | ||
| 902 | _aA | ||
| 905 | _a0000001997 i 0000000000 00 | ||
| 910 | _a1997 | ||
| 942 | _cPARA | ||
| 942 |
_cPARA _d1 |
||
| 999 |
_c199870 _d199870 |
||